Every WSC Champion - Statistics

General Stats
  • This quiz has been taken 11 times
    4 since last reset
  • The average score is 52 of 74
Answer Stats
Answer Date Match Days % Correct
Edge August 4, 2019 Singles 11
100%
Edge February 26, 2020 Deadly Games 2 24
100%
Jeff Hardy August 16, 2019 Falls Count Anywhere Match 23
100%
Jeff Hardy April 18, 2020 April 2020 Royal Rumble 7
100%
Jeff Hardy May 2, 2020 Fatal 4 Way 21
100%
Jeff Hardy
100%
Aleister Black April 25, 2020 Singles 7
75%
Aleister Black May 23, 2020 2 Out of 3 Falls Match 5
75%
Aleister Black
75%
Aleister Black
75%
Austin Theory June 13, 2025 Deadly Games 6 143
75%
Austin Theory
75%
Bray Wyatt September 25, 2021 WarGames Winners Take All Match 10
75%
Brock Lesnar February 15, 2020 Singles 11
75%
Brock Lesnar October 3, 2020 Asylum Steel Cage Match 10
75%
Brock Lesnar
75%
Cactus Jack July 26, 2019 Singles 9
75%
Cody Rhodes March 19, 2023 Deadly Games 5 384
75%
Finn Balor March 21, 2020 Singles 28
75%
Grayson Waller
75%
Jey Uso
75%
Jey Uso
75%
Jey Uso
75%
Jimmy Uso
75%
Jimmy Uso
75%
John Cena
75%
Joker Jon Moxley December 8, 2019 Triple Treat 38
75%
Joker Jon Moxley
75%
Jon Moxley June 28, 2019 Inaugural WSC Hardcore Championship Gauntlet 28
75%
Jon Moxley December 3, 2019 Deadly Games 1 6
75%
Jon Moxley July 16, 2020 Deadly Games 3 49
75%
Jon Moxley August 21, 2024 2024 Royal Rumble 296
75%
Jon Moxley
75%
Jon Moxley
75%
Matt Hardy
75%
Roman Reigns October 9, 2019 Fatal 4 Way 12
75%
Roman Reigns December 10, 2019 Singles 8
75%
Roman Reigns April 2, 2022 Barbed Wire Steel Cage Match 351
75%
Roman Reigns April 6, 2024 Bloodline Rules Winners Take All Match 137
75%
Roman Reigns
75%
Roman Reigns
75%
Roman Reigns
75%
Seth Rollins May 28, 2021 Winners Take All Match 120
75%
Seth Rollins October 5, 2021 Exploding WarZone Winners Take All Match 60
75%
Seth Rollins
75%
The Fiend September 6, 2019 Singles 32
75%
The Fiend January 31, 2020 2020 Elimination Chamber 16
75%
The Fiend May 28, 2020 Firefly Funhouse Match 50
75%
The Fiend
75%
The Fiend
75%
The Stage Creator January 25, 2020 Ladder Match <1 (1:21)
75%
The Stage Creator March 28, 2021 Singles 30
75%
The Stage Creator
75%
Zombie Bray Wyatt
75%
Braun Strowman October 21, 2019 Ambulance Match 15
50%
CM Punk December 4, 2021 2021 Royal Rumble 119
50%
Drew McIntyre
50%
Erick Rowan
50%
Kane
50%
Kevin Owens January 25, 2020 Singles 6
50%
Kevin Owens April 27, 2021 Singles 31
50%
LA Knight
50%
Logan Paul
50%
Luke Harper
50%
Matt Riddle October 13, 2020 Singles 67
50%
Shawn Michaels February 28, 2021 Last Man Standing Match 28
50%
Shawn Michaels 18+
50%
Shrek
50%
"Stone Cold' Steve Austin November 5, 2019 2019 Royal Rumble 29
50%
The Undertaker
50%
The Undertaker
50%
Triple H December 19, 2020 December 2020 Royal Rumble 70
50%
Triple H March 28, 2021 2021 WarZone Match <1 (3:00)
50%
Triple H
50%
No matching quizzes found
Score Distribution
Percent of People with Each Score
Percentile by Number Answered
Your Score History
You have not taken this quiz since the last reset